| 000 | 00764nai a22002057a 4500 | ||
|---|---|---|---|
| 003 | OSt | ||
| 005 | 20170601182953.0 | ||
| 008 | 170321b xxu||||| |||| 00| 0 eng d | ||
| 022 | _a07977-888X | ||
| 040 |
_aBMC _cBMC |
||
| 082 | _a338.1 | ||
| 245 | 0 | 0 |
_aBiodiversidad, sustento y culturas _b: abril _cRamón Vera Herrera, editor |
| 260 |
_aBarcelona _bREDES-AT _bGRAIN _c2009 |
||
| 300 |
_a40 p. _c28 cm |
||
| 490 |
_aRedes, amigos de la tierra _v60 |
||
| 505 | _aContiene: El nuevo acaparamiento mundial de la tierra.- Maíz transgénico legalizado en México.- La importancia de la acción ecológica en Ecuador.- Primer triunfo de la minga en Colombia.- | ||
| 650 | 2 | 4 |
_96390 _aAgricultura integrada |
| 700 | 1 |
_940898 _aVera Herrera, Ramón |
|
| 942 |
_2ddc _cPR |
||
| 999 |
_c27381 _d27381 |
||